000 00456cam a22001337a 4500
008 180718b1996 xxu||||| |||| 00| 0 eng d
082 _aA81x54 91/25/Pt2B/1
100 _aCensus of India 1991
245 _aUttar Pradesh: primary census abstract, general population
260 _aDelhi
_bThe Controller of Publications
_c1996
300 _a753+p.
440 _aCensus of India 1991. Series-25, Uttar Pradesh. Part II-B(i)
650 _aUttar Pradesh - Census
999 _c486477
_d486477